| 000 | 01644nam a22002777a 4500 | ||
|---|---|---|---|
| 003 | EG-ScBUE | ||
| 005 | 20211016142019.0 | ||
| 008 | 211016s2005 ua o f 100 0 ara d | ||
| 040 |
_aEG-ScBUE _bara _erda _cEG-ScBUE _dEG-ScBUE |
||
| 082 | 0 | 4 |
_a658.3 _bم ؤ ت _222 |
| 111 | 2 |
_aالمؤتمر العلمي السنوي الدولي حول رؤية إستراتيجية لتفعيل دور الموارد البشرية العربية في ظل التقنيات المعاصرة _n(21th : _d2005 : _cالقاهرة) _eمؤلف. |
|
| 245 | 1 | 2 |
_aالمؤتمر العلمي السنوي الدولي الحادي والعشرون : _bرؤية إستراتيجية لتفعيل دور الموارد البشرية العربية في ظل التقنيات المعاصرة / _cتحت رعاية أ. عمرو موسى، أمين عام جامعة الدول العربية، أ. د. عمرو سلامة، وزير التعليم العالي والدولة للبحث العلمي. |
| 264 | 1 |
_aالمنصورة : _bجامعة المنصورة، كلية التجارة، _c2005. |
|
| 300 |
_a160 صفحة : _bصور ؛ _c24 سم |
||
| 336 |
_2rdacontent _aنص _btxt |
||
| 337 |
_2rdamedia _aبدون وسيط _bn |
||
| 338 |
_2rdacarrier _aمجلد _bnc |
||
| 541 | _cإهداء. | ||
| 650 | 7 |
_aإدارة الأفراد _vمؤتمرات وندوات. _2BUEsh |
|
| 650 | 7 |
_aرأس المال البشري _vمؤتمرات وندوات. _2BUEsh |
|
| 653 |
_bBUSADM _cOctober2021 |
||
| 655 |
_vReading book _934232 |
||
| 700 | 1 |
_aموسى، عمرو، _d1936- _eمشرف. _940625 |
|
| 700 | 1 |
_aسلامة، عمرو، _eمشرف. |
|
| 942 | _2ddc | ||
| 999 |
_c29594 _d29565 |
||